[Event "2018 PHCC"]
[Site "PORT HURON"]
[Date "2018.02.23"]
[Round "6"]
[White "Gregg, Alan"]
[Black "Morabito, Matt"]
[Result "1-0"]
[WhiteElo "1943"]
[BlackElo "1848"]
[Annotator "ALAN"]
[PlyCount "117"]
[EventDate "2018.??.??"]
[EventType "tourn"]
[EventRounds "7"]
[EventCountry "USA"]

1. b3 Nf6 2. Bb2 g6 3. e3 Bg7 4. c4 O-O 5. Nf3 d5 6. Nc3 ({Relevant:} 6. Be2 c5
7. O-O dxc4 8. bxc4 Nc6 9. d3 b6 10. Nc3 Bb7 11. Rb1 e6 12. Qc2 Qe7 13. Nd2
Rfd8 14. a3 Ne8 15. f4 Nd6 16. Nce4 Nxe4 17. Nxe4 f5 18. Bxg7 Qxg7 19. Ng5 Qe7
20. Qc3 h6 21. Nf3 Qg7 22. Ne5 g5 23. Bf3 gxf4 24. exf4 Nd4 25. Kf2 Bxf3 26.
gxf3 Kh7 27. Rg1 Qf6 28. Ke3 Rg8 29. Nc6 e5 30. Nxe5 Rae8 31. Kd2 Qh4 32. Rxg8
Qxf4+ 33. Kd1 Rxg8 34. Qe1 Qxh2 35. Rc1 Rg1 {Kryvoruchko,Y (2710)-Anand,V 
(2803) Berlin 2015 0-1}) 6... Nc6 7. d4 Bg4 8. h3 $146 ({Predecessor:} 8. Be2
e6 9. h3 Bxf3 10. Bxf3 Qd7 11. O-O Rad8 12. cxd5 exd5 13. Rc1 Rfe8 14. Na4 b6
15. Qc2 Nb4 16. Qd2 a5 17. a3 Na6 18. Be2 Ra8 19. Qc2 Rec8 20. Bd3 b5 21. Nc5
Nxc5 22. Qxc5 c6 23. Rc2 Ne4 24. Bxe4 dxe4 25. Qb6 Qc7 26. Qxc7 Rxc7 27. Rfc1
Rac8 28. Bc3 Ra8 29. Be1 Ra6 30. d5 Be5 31. Rxc6 Raxc6 32. Rxc6 Rxc6 33. dxc6
Bc7 34. b4 a4 35. Bc3 f5 36. f4 Kf7 37. Be5 Bb6 {Nemeth,A (1714)-Martin,B 
(1893) Budapest 2001 1-0}) 8... Bxf3 9. Qxf3 Nb4 10. Qd1 dxc4 11. bxc4 Nc6 (
11... c5 12. d5 Qa5 13. Qd2 Ne4 14. Nxe4 Bxb2 15. Rb1 Bg7 16. Rb3 Qxa2 (16...
b6 17. Nc3 Bxc3 18. Qxc3 Qxa2) 17. Qxa2 Nxa2 18. Nxc5) 12. Be2 e6 13. O-O Ne7
14. Rb1 c6 15. Ba3 Qc7 16. Qb3 Rab8 17. e4 {[#]} Rfe8 $3 {Matt is sleepwalking
into danger after this move white is winning} (17... Rfd8 18. Rfd1) 18. e5 Nd7
19. Bd6 Qa5 20. Bxb8 Rxb8 {[#] from a winning position its my turn to go wrong}
21. Qb4 $3 (21. c5 {blacks now has no counterplay}) 21... Qxb4 22. Rxb4 c5 23.
dxc5 Nxc5 24. Rb5 b6 25. f4 Nf5 {after this i have no advantage} 26. Kf2 $3 (
26. g4) 26... h5 (26... f6 $11) 27. Rbb1 h4 28. Rfd1 g5 29. Kf3 gxf4 30. Kxf4 (
30. Ne4 Nxe4 31. Kxe4 Ng3+ 32. Kf3 Bxe5 33. Rd7) 30... Bh6+ (30... Ng3 31. Bd3
Rc8 32. Bc2 Na4 33. Nxa4 Rxc4+ 34. Kf3 Rxc2 $11) 31. Kf3 Bg7 32. Ne4 Nxe4 33.
Kxe4 Ng3+ 34. Kf3 Bxe5 35. Rd7 Nxe2 36. Kxe2 a5 37. Rb5 Bg3 {[#]} 38. Rd3 (38.
c5 {is much better with a easier win}) 38... Rc8 39. Rc3 Rc6 40. c5 Be5 41. Rc4
Bc7 42. Kd3 (42. Rxh4 bxc5 43. Kd3 Rd6+ 44. Kc2) (42. Rg4+ Kf8 43. cxb6 Bxb6
44. Rxh4) 42... bxc5 43. Rbxc5 Rd6+ 44. Ke2 Bd8 45. Rb5 Kf8 46. a4 Ke8 47. Rb7
Rd5 48. Rg4 Rg5 (48... Kf8 49. Rb8 f5 (49... Ke7 50. Rxh4) (49... Ke8 50. Rxh4)
50. Rxh4) 49. Rxg5 Bxg5 50. Rb8+ Kd7 51. Rb7+ Ke8 52. Ra7 Bd8 53. Kf3 Kf8 54.
Ra8 Ke7 55. g3 hxg3 56. Kxg3 f5 57. h4 Bc7+ 58. Kf3 e5 {[#]} (58... Kf6 59. Ra6
f4 60. h5) 59. Ra6 {MATT lost on time but black as no good moves} 1-0

[Event "2018 PHCC"]
[Site "PORT HURON"]
[Date "2018.02.22"]
[Round "6"]
[White "Bedy, Noel"]
[Black "Rutkofske, Lonnie"]
[Result "0-1"]
[WhiteElo "1504"]
[BlackElo "1818"]
[Annotator "LWR"]
[PlyCount "124"]
[EventDate "2018.??.??"]
[EventType "tourn"]
[EventRounds "7"]
[EventCountry "USA"]

1. d4 g6 2. Nf3 Bg7 3. e4 d6 4. c3 Nd7 5. Bd3 a6 ({Relevant:} 5... e5 6. O-O
Ne7 7. Nbd2 O-O 8. a4 h6 9. Qc2 exd4 10. cxd4 Nc6 11. Nb3 Nb4 12. Qd1 Nxd3 13.
Qxd3 d5 14. e5 Nb6 15. a5 Bf5 16. Qc3 Nd7 17. Re1 Re8 18. Be3 Rc8 19. Nc5 Nxc5
20. Qxc5 b6 21. Qc6 Qd7 22. Qxd7 Bxd7 23. Rec1 Bg4 24. h3 Bxf3 25. gxf3 c5 26.
axb6 axb6 27. dxc5 bxc5 28. Rxc5 Bxe5 29. Rxc8 Rxc8 30. Rd1 Bxb2 31. Rxd5 {
1/2-1/2 (31) Miton,K (2584)-Naiditsch,A (2705) Riadh 2017}) 6. Bg5 c5 7. Nbd2
b5 8. O-O Qb6 $146 ({Predecessor:} 8... Nb6 9. Qe2 h6 10. Be3 Qc7 11. d5 Nf6
12. Rac1 O-O 13. c4 b4 14. h3 Na4 15. Nb1 Bd7 16. b3 Nb6 17. Bf4 g5 18. Bh2 g4
19. hxg4 Nxg4 20. Bg3 Ne5 21. Nxe5 dxe5 22. Nd2 Qd6 23. Nf3 Bg4 24. Qe3 Bxf3
25. Qxf3 a5 26. Qe2 Qg6 27. Bh2 Nd7 28. Bc2 Qg5 29. Rcd1 Ra6 30. Rd3 Rg6 31.
Rg3 Qh4 32. Qf3 Qf6 33. Qh5 Rg5 34. Qh3 Rd8 35. Rg4 Rxg4 36. Qxg4 Qg5 37. Qh3
Qg6 38. Re1 {Chauvenet,R-Gelencser,J Amsterdam 1980 1/2-1/2}) 9. Be3 Qc7 10.
Re1 e5 11. d5 Rb8 12. c4 Ngf6 13. Qe2 Qb7 14. Reb1 Ng4 15. Bg5 f6 16. Bh4 O-O
17. Ne1 Nh6 18. f3 Nf7 19. Bf2 b4 20. Nc2 Nh6 21. Ne3 Nb6 22. b3 Qe7 23. a3 Nd7
(23... a5) 24. axb4 cxb4 25. Nc2 Nc5 26. Bxc5 (26. Ra5) 26... dxc5 27. g4 (27.
Qf2) 27... f5 $2 (27... Qc7 $11) 28. exf5 gxf5 29. gxf5 e4 (29... Nxf5) 30.
Nxe4 {Diagram [#]} Bxf5 $4 {A huge blunder, to be followed by an even greater
miscalculation! 30...Nf5! was a winning move because it keeps the threat on
the a1 rook, and threatens Nd4 forcing the N exchange and leaves the Bishop to
protect his a pawn!} (30... Nxf5 31. Ra5 Nd4 32. Nxd4 Bxd4+ 33. Kh1 Rb6) 31.
Rxa6 Bxe4 $4 (31... Bh3 32. Kh1 Rbd8 33. Rg1 Kh8 34. Qe3 Ng8 35. Qxc5) 32. Bxe4
{Diagram [#] [Best was 31.Bh3 keeping the Queen off of g2 and the KR from
posting up at e6!]} Rbe8 33. Re6 Qd8 {[The best choice in light of the
previous miscues...when down a pair of pawns, it is best to keep the Queen on
the board, because he obvious check at g5 only gets white's Queen in better
position.]} 34. Rxe8 Rxe8 35. Qf1 $2 {[All of a sudden White goes into
defensive mode...best was 35.Qd3!! shattering the Black kingside keeping the
back rank available for his rook to enter the contest.]} Kh8 {[Now you can see
that the Q position prevents the rook from accessing g1 to join the attack and
costs a valuable tempo!]} 36. Kh1 Qh4 37. Qg2 Rg8 38. Qg3 Qd8 39. Qf2 {[Black
must keep the pawns he has left if he entertains any chances of a draw.]} Qd6
40. Rg1 Qf8 41. Qd2 Qd6 {[42.Ne3 bring his final piece into action was the
best choice here for if Bd4, 43. Rg8+should seal the deal because after N or K
takes rook, it can jump to ether f1 or f5 or even g4.]} 42. Qd3 {Diagram [#] 
[Better late than never, White finally hits upon the correct plan, albeit a
few moves too late!]} Qf4 43. Bxh7 {losing move} (43. Qe3 Qd6 (43... Qh4 44.
Qxc5 Be5 45. Rxg8+ Nxg8 46. Qg1) 44. Rg5 {and white should win}) 43... Be5 $3
44. Rxg8+ Nxg8 45. Qe2 {[Had his N been in play the simple N f1 would preserve
the piece with everything on the white squares! The rest of the game is simple
technique.]} Kxh7 46. Qe4+ Kg7 47. Qxf4 Bxf4 48. Kg2 Nf6 49. Ne1 Kg6 50. Nd3
Bd6 51. Nf2 Kf5 52. Nd3 Nh5 53. Kf2 Nf4 54. Nxf4 Kxf4 55. h4 Be5 56. h5 Kg5 57.
Ke3 Kxh5 58. f4 Bd6 59. Ke4 Kg6 60. Kd3 Kf5 61. Ke3 Bxf4+ 62. Kd3 Ke5 {again
the escape artist wins from a totally lost position} 0-1

[Event "2018 PHCC"]
[Site "PORT HURON"]
[Date "2018.03.01"]
[Round "7"]
[White "Jones, George"]
[Black "Muir, Josh"]
[Result "1-0"]
[WhiteElo "1630"]
[BlackElo "1600"]
[Annotator "Alan"]
[PlyCount "100"]
[EventDate "2018.??.??"]
[EventType "tourn"]
[EventRounds "7"]
[EventCountry "USA"]

1. d4 Nf6 2. Bf4 d5 3. e3 e6 4. Be2 ({Relevant:} 4. Nf3 c5 5. Be2 Nc6 6. O-O
Be7 7. dxc5 Bxc5 8. c4 O-O 9. Nc3 dxc4 10. Bxc4 Qxd1 11. Rfxd1 b6 12. Ng5 Be7
13. Nge4 Rd8 14. Bb5 Bb7 15. Nd6 Bxd6 16. Bxd6 Rac8 17. f3 a6 18. Be2 b5 19.
Kf2 e5 20. Rac1 h6 21. h4 Ne8 22. Bc5 Rxd1 23. Rxd1 Nd8 24. a4 Ne6 25. Ba3 bxa4
26. Nxa4 Nf6 27. Rd2 e4 28. Nb6 Rb8 29. Nc4 Bc6 30. Nd6 Bb5 31. Nxb5 axb5 32.
Bd6 Rb7 33. Bb4 Nc7 {Rapport,R (2700)-Aronian,L (2797) Caleta 2018 0-1}) 4...
c5 5. c3 Qb6 $146 ({Predecessor:} 5... Nc6 6. Nf3 Qb6 7. b3 Bd7 8. O-O Be7 9.
h4 O-O 10. Ne5 Nxe5 11. dxe5 Ne8 12. h5 f6 13. h6 g5 14. Bh5 Kh8 15. Bh2 Bb5
16. c4 dxc4 17. bxc4 Rd8 18. Qc2 Bc6 19. Nc3 f5 20. a4 Qa5 21. Rfd1 Nc7 22. Nb5
Rxd1+ 23. Rxd1 Nxb5 24. axb5 Be4 25. Qb2 Rd8 26. Ra1 Qb6 27. f3 Bd3 28. Qc3 a6
29. Rd1 Be2 30. Rxd8+ Qxd8 31. bxa6 bxa6 32. Bg3 Bf8 33. Qc2 Bd3 34. Qa4 Qc8
35. Qb3 {Svoboda,J (1760)-Voith,W (1505) Marianske Lazne 2017 1-0}) 6. Qc2 Nc6
7. Nf3 cxd4 8. exd4 Be7 9. O-O O-O 10. Nbd2 Re8 11. Bd3 g6 12. Rfe1 Bd7 13. h3
Rac8 14. a3 Bf8 15. Be3 Qc7 16. Nf1 Bd6 17. Bg5 Nh5 18. Qd2 e5 (18... f6 $11)
19. dxe5 Nxe5 20. Nxe5 Bxe5 21. Be2 Nf4 22. Bxf4 Bxf4 23. Qxd5 Bc6 24. Qc4 (24.
Qb3 $11) 24... Re4 25. Qd3 Rce8 26. Rad1 $2 {[#] Losing move} (26. Ra2) 26...
Ba4 (26... Qe5 {winning}) 27. Rb1 Qd7 $2 (27... Qe5 28. g3 Bh6 29. b3 Bb5 30.
Qxb5 Qxb5 31. Bxb5 Rxe1) 28. Qf3 Bc6 29. Red1 Qe6 (29... Qc7 30. g3 Bg5 31. Bd3
Ra4) 30. Bd3 Ra4 31. Qg4 Bh2+ $1 {[#]} (31... f5 32. Bxf5 Qxf5 33. Qxf5 gxf5)
32. Nxh2 Rxg4 33. Nxg4 Be4 {[#] losing move} (33... Ba4 34. Rd2 Kg7) (33... f5
34. Ne3 Kg7) 34. Bxe4 Qxe4 35. Nf6+ Kg7 36. Nxe4 Rxe4 37. Re1 Ra4 38. Rbd1 a6
39. Rd4 Ra5 40. Re7 Rb5 41. b4 b6 42. a4 Rf5 43. Rdd7 a5 44. bxa5 bxa5 45. Ra7
h5 46. Reb7 Kg8 47. g4 hxg4 48. hxg4 Rg5 49. f3 Rc5 50. Rxf7 Rxc3 1-0

[Event "2018 PHCC"]
[Site "PORT HURON"]
[Date "2018.03.01"]
[Round "7"]
[White "Rutkofske, Lonnie"]
[Black "Wingrove, William"]
[Result "1-0"]
[WhiteElo "1818"]
[BlackElo "1579"]
[Annotator "Alan"]
[PlyCount "125"]
[EventDate "2018.??.??"]
[EventType "tourn"]
[EventRounds "7"]
[EventCountry "USA"]

1. e4 c5 2. Nf3 d6 3. g3 Nc6 4. d3 g6 5. Bg2 Bg7 6. c3 e5 7. Nbd2 Nge7 8. O-O
O-O 9. a4 a5 ({Relevant:} 9... h6 10. Nc4 Be6 11. Qe2 Qd7 12. Nfd2 Rae8 13. a5
f5 14. exf5 gxf5 15. Nb3 f4 16. f3 b5 17. axb6 axb6 18. d4 b5 19. Nb6 Qb7 20.
Qxb5 cxd4 21. Ra6 Ra8 22. Rxa8 Rxa8 23. gxf4 Ra6 24. Nxd4 exd4 25. Qe2 Nd8 26.
Nc4 Qb5 27. Bh3 Bxh3 28. Qxe7 Bxf1 29. Nd2 Bh3 {0-1 (29) Salman,P (2258)
-Gubajdullin,A (2389) Moscow 2018}) 10. Nc4 d5 $146 ({Predecessor:} 10... h6
11. Be3 f5 12. Qd2 Kh7 13. Ne1 Be6 14. b3 f4 15. gxf4 exf4 16. Bxf4 Bxc3 17.
Qxc3 Rxf4 18. Nc2 d5 19. Nd2 Qd6 20. d4 cxd4 21. Nxd4 Nxd4 22. Qxd4 Nf5 23. Qd3
dxe4 24. Qxd6 Nxd6 25. Rae1 Raf8 26. Nxe4 Nxe4 27. Rxe4 Bxb3 28. Rb1 Rxe4 29.
Bxe4 Bxa4 30. Rxb7+ Kh8 31. Ra7 Rf4 32. f3 Bd1 33. Rxa5 Bxf3 34. Bxg6 Rg4+ 35.
Kf2 Bc6 36. Bd3 Rg2+ 37. Ke3 Rxh2 38. Ra7 h5 39. Rc7 Rh3+ 40. Kf4 {Kende,G 
(2200)-Sardy,P (2302) Balatonalmadi 2010 1/2-1/2}) 11. exd5 Nxd5 12. Be3 Nxe3
13. fxe3 Be6 14. Na3 (14. e4 $11) 14... Qe7 15. Qe2 Rfd8 16. Nd2 Bd5 17. e4 Be6
18. Nac4 Ra6 19. Rad1 Qd7 20. Nf3 Qe7 21. Ne3 Rd7 22. Nd2 Qd8 23. Nd5 Ne7 24.
c4 Nc6 25. Nb3 b6 26. Rf2 Nd4 27. Nxd4 cxd4 28. Kh1 Bxd5 ({taking the knight
gives white a passed pawn} 28... Rd6 $11) 29. exd5 f6 {Too passive} (29... f5
$11) (29... h5 $11) 30. Qc2 Bh6 31. Qb3 Be3 32. Rc2 Kh8 (32... Kg7) 33. Rf1 Rd6
34. Qb5 Ra7 35. Rb1 f5 36. b4 axb4 37. Qxb4 f4 38. g4 Qf6 $3 {[#]} 39. Bf3 (39.
c5 {winning} f3 40. cxd6 fxg2+ 41. Rxg2) 39... Rad7 40. c5 (40. a5 bxa5 41.
Qxa5) 40... bxc5 41. Qxc5 {[#]} h5 {wrong plan} (41... e4 42. Bxe4 (42. dxe4 d3
) 42... f3 43. Rf1 f2 {and black should be ok}) 42. gxh5 gxh5 43. Rg2 Kh7 44.
Be4+ Kh8 45. Qc8+ (45. Rb8+ Rd8 46. Qc7) 45... Rd8 {[#]} 46. Qh3 (46. Rb7 Qh6
47. Qc7 R6d7 48. Qxe5+ Rg7 49. Qxg7+ Qxg7 50. Rbxg7) 46... Rf8 47. Rg6 Qxg6 48.
Bxg6 Rxg6 49. Qxh5+ Kg7 50. Qxe5+ (50. Rb7+ Rf7 51. Qxe5+ Rgf6 52. Rxf7+) 50...
Rgf6 (50... Kh6) 51. Rb7+ Kg6 52. Qe4+ Rf5 53. Rb6+ R8f6 54. Rxf6+ Kxf6 55.
Qe6+ Kg5 56. d6 Kg4 57. d7 f3 58. d8=Q f2 59. Qxf5+ Kxf5 60. Kg2 Bg5 61. Qxd4
Bf6 62. Qe4+ Kg5 63. a5 1-0

[Event "2018 PHCC"]
[Site "PORT HURON"]
[Date "2018.03.01"]
[Round "7"]
[White "Morabito, Matt"]
[Black "Bedy, Noel"]
[Result "1-0"]
[WhiteElo "1848"]
[BlackElo "1504"]
[Annotator "Alan"]
[PlyCount "113"]
[EventDate "2018.??.??"]
[EventType "tourn"]
[EventRounds "7"]
[EventCountry "USA"]

1. Nf3 Nf6 2. g3 d5 3. Bg2 c6 4. c4 e6 5. b3 Bd6 6. Bb2 Nbd7 7. O-O O-O 8. Nc3
Re8 9. d4 Qe7 10. Qc2 Ba3 11. Bxa3 Qxa3 12. e4 dxe4 13. Nxe4 Nxe4 14. Qxe4 Nf6
{[#]} ({Relevant:} 14... a5 15. Qc2 h6 16. Rfe1 a4 17. Qc3 Rd8 18. c5 b6 19.
cxb6 Bb7 20. Ne5 Nxb6 21. Bxc6 Bxc6 22. Qxc6 Nd5 23. Qb7 Qf8 24. Nc6 Rdc8 25.
Rec1 Rc7 26. Qb5 Qe8 27. Rc5 axb3 28. a4 b2 29. Rb1 Rac8 30. Na5 Qxb5 31. axb5
Rxc5 32. dxc5 Rxc5 33. Rxb2 Nb6 34. Nc6 f6 35. Nd4 e5 36. Nf5 e4 37. Nd4 Rd5
38. Rb4 f5 39. h4 g6 40. h5 g5 41. Kg2 Kf7 42. g4 fxg4 43. Kg3 Kf6 44. Kxg4 {
Bachmann,A (2649)-Gonzalez Rodriguez,J (2310) Barcelona 2016 1-0 (67)}) 15. Qh4
$146 ({Predecessor:} 15. Qe3 Bd7 16. Ne5 Rad8 17. c5 Qa5 18. Nc4 Qc7 19. Qe5
Qxe5 20. dxe5 Nd5 21. Nd6 Re7 22. Nxb7 Rb8 23. Nd6 f6 24. Rfe1 Kf8 25. Be4 Be8
26. exf6 gxf6 27. f4 Bh5 28. Rac1 Rb4 29. Kf2 Rd4 30. Kg1 Rd2 31. Rc2 Rxc2 32.
Bxc2 Nc3 33. Ne4 Bg6 34. Nxc3 Bxc2 35. Re2 Bg6 36. Rd2 Rc7 37. Kf2 Ke7 38. Ke3
e5 39. Ne4 Bf7 40. Rd6 Be6 41. fxe5 fxe5 42. Ng5 Bf5 43. Nf3 {1-0 (43)
Bluebaum,M (2510)-Sukandar,I (2375) Pardubice 2014}) 15... Qe7 16. Rfe1 Qd8 17.
Rad1 h6 18. Ne5 Bd7 19. d5 {weak} (19. Qf4) 19... exd5 20. cxd5 Qa5 (20... Nxd5
21. Bxd5 cxd5 22. Qxd8 Raxd8 23. Rxd5 Bh3) (20... cxd5 21. Qd4 Be6) 21. b4 Qxa2
(21... Qa6 22. Bf1 Qa4) 22. dxc6 (22. Nxd7 Nxd5 (22... Nxd7 23. dxc6 Rxe1+ 24.
Rxe1 bxc6 25. Bxc6) 23. Bxd5 Rxe1+ 24. Rxe1 Qxd5 25. Qe7) 22... Bxc6 23. Nxc6
Rxe1+ 24. Rxe1 bxc6 25. Bxc6 $11 Rd8 26. Qf4 Qd2 $2 (26... Qb3 27. Bf3 Nd5 28.
Qe4 Nf6) 27. Qxd2 Rxd2 28. h3 (28. Ra1 Ng4 29. b5 Nxf2 30. Rxa7 Nh3+ 31. Kf1
Rf2+ 32. Ke1 Rb2 33. Ra6 Kf8 34. b6 Nf2 35. b7 Nd3+ 36. Kf1 Ne5 37. Ra8+ Ke7
38. b8=Q Rxb8 39. Rxb8 Nxc6 40. Ra8) 28... Rc2 29. b5 a6 30. Ra1 axb5 31. Ra8+
Kh7 32. Bxb5 {[#] this position is totally drawn but Matt keeps playing and
hoping} g6 33. Ra7 Kg7 34. Bd3 Rc3 35. Bb5 Rc5 36. Ba4 Rc3 37. Rb7 Rc8 38. Bb3
Rf8 39. Kg2 {[#] now Noel starts moving the knight all over the place with no
real plan just h4 then the knight can move between g8-h6 (to cover f7 and free
the rook or back to f6} Ne4 40. Bd5 Nd6 41. Ra7 Ne8 42. Bb3 Nf6 43. Re7 Ne8 $2
(43... Ng8) 44. Bxf7 Rxf7 45. Rxe8 Rb7 46. Re6 Kf7 47. Rc6 Rb3 (47... h5) 48.
h4 Kg7 49. g4 Ra3 (49... h5 50. gxh5 gxh5) (49... Rb7) 50. Rc7+ Kf6 {the
losing move} (50... Kg8) (50... Kh8) 51. Rh7 Ra4 52. Kg3 Ra3+ 53. f3 h5 54. g5+
{now matt gives up the advantage} (54. gxh5 gxh5 55. Rh6+ Kf7 56. Rxh5) 54...
Ke5 55. Re7+ {[#]} Kf5 $4 {the final mistake} (55... Kd5 $13 56. Rb7 (56. Rc7
Ra1) 56... Ra6) 56. Rf7+ Ke5 57. Rf6 1-0